[Event "Julian Borowski-A 2nd"]
[Site "Essen"]
[Date "2000.05.04"]
[Round "7"]
[White "Huebner, Robert"]
[Black "Milov, Vadim"]
[Result "1/2-1/2"]
[WhiteElo "2620"]
[BlackElo "2653"]
[Annotator "Milov,Vadim"]
[PlyCount "43"]
[EventDate "2000.04.27"]
[EventType "tourn"]
[EventRounds "9"]
[EventCountry "GER"]
[EventCategory "15"]
[SourceTitle "CBM 077"]
[Source "ChessBase"]
[SourceDate "2000.07.27"]
[SourceVersion "1"]
[SourceVersionDate "2000.07.27"]
[SourceQuality "1"]

1. d4 Nf6 2. c4 e6 3. Nf3 d5 4. Nc3 Nbd7 5. cxd5 exd5 6. Bf4 c6 7. e3 (7. Qc2 Nh5 (7... Be7 8. h3 O-O 9. e3 Nh5 $6 10. Bh2 g6 11. Bd3 Ng7 12. O-O-O Nb6 13. g4 $14 {1-0 Dautov,R-Milov,V/Essen 1999/CBM 71/[Dautov] (53)}) 8. Bg5 (8. Bd2 Nb6 9. O-O-O Be7 10. Ne5 Be6 11. e3 Nf6 12. Bd3 Ng4 13. Be1 $13 {Rustemov,A-Kiriakov,P/Russia (ch) 1997}) 8... Be7 9. Bxe7 Qxe7 10. e3 Nb6 11. O-O-O g6 12. Bd3 Bg4 13. h3 Bxf3 14. gxf3 O-O-O 15. f4 Kb8 16. Kb1 Nf6 17. h4 Nc8 18. Be2 Nd6 19. h5 Nde4 {0,5 Hertneck-Milov,Pula(zt),2000}) 7... Nh5 $1 8. Bg5 Be7 9. Bxe7 Qxe7 10. Qc2 g6 11. O-O-O ({RR} 11. h3 O-O 12. Be2 Re8 13. O-O-O a5 14. g4 Nhf6 15. g5 Ne4 16. Bd3 b5 17. h4 Bb7 18. h5 Rac8 19. hxg6 hxg6 20. Rh6 c5 21. Rdh1 Nf8 22. Bxe4 dxe4 23. Ne5 cxd4 24. f4 dxc3 25. Qh2 cxb2+ {Radjabov,T (2747)-Matlakov,M (2662) chess.com INT 2023 ½-½ (31)}) 11... Nb6 12. Bd3 Bg4 ({RR} 12... Be6 13. Kb1 O-O-O 14. Rc1 Kb8 15. Na4 Nf6 16. Nc5 Bc8 17. Ne5 Ka8 18. Qb3 Nfd7 19. Nf3 f6 20. Rc2 Nxc5 21. Rxc5 Rhe8 22. Rhc1 g5 23. Nd2 f5 24. Ra5 Qc7 25. Qa3 a6 26. Nb3 f4 27. exf4 {Tanriverdi,E (2388)-Gavrilescu,D (2549) chess.com INT 2025 0-1 (36)}) 13. Ne2 $146 ({RR} 13. Kb1 Qf6 14. Qe2 O-O 15. h3 Bxf3 16. Qxf3 Qxf3 17. gxf3 f5 18. f4 Kf7 19. Ne2 Nf6 20. Ng1 Ne4 21. Rh2 c5 22. dxc5 Na4 23. Bc2 Naxc5 24. Rxd5 Rfd8 25. Rxd8 Rxd8 26. Nf3 Kf6 27. Nd4 a5 {Mchedlishvili,M (2613)-Efimenko,Z (2654) Germany 2009 1-0 (66)}) ({RR} 13. h3 Bxf3 14. gxf3 O-O-O 15. f4 Kb8 16. Kb1 Nf6 17. h4 Nc8 18. Be2 Nd6 19. h5 Nde4 {½-½ (19) Hertneck,G (2571)-Milov,V (2653) Pula 2000}) ({RR} 13. Qe2 Ng7 14. h3 {½-½ (14) Sakalauskas,V (2424)-Ruzele,D (2545) Vilnius 2002}) 13... O-O-O 14. Ne5 Be6 15. Kb1 Kb8 16. Rc1 (16. Qxc6 $6 bxc6 17. Nxc6+ Kc7 18. Nxe7 Kd6 19. Nxd5 Nxd5 $15) 16... f6 17. Nf3 Ng7 18. Nf4 Bf5 19. Nd2 Bxd3 20. Nxd3 Ne6 21. h4 Nc8 22. Nb3 1/2-1/2

[Event "87th Tata Steel Masters 2025"]
[Site "Wijk aan Zee"]
[Date "2025.01.26"]
[Round "8.5"]
[White "Erigaisi, Arjun Kumar"]
[Black "Sarana, Alexey"]
[Result "1/2-1/2"]
[WhiteElo "2801"]
[BlackElo "2677"]
[Annotator "Chessbase - Stockfish 17"]
[PlyCount "45"]
[EventDate "2025.??.??"]
[EventCountry "NED"]

{[%evp 18,45,26,25,30,27,35,31,37,35,59,57,57,59,64,64,74,48,47,41,66,29,29,33,31,0,30,14,35,0]} 1. d4 Nf6 2. c4 e6 3. Nc3 d5 4. cxd5 exd5 5. Bg5 c6 6. e3 Bf5 7. Qf3 Bg6 8. Bxf6 Qxf6 9. Qxf6 gxf6 10. Nf3 a5 {[%cal Ya7a5,Ya5a4][%mdl 32] D35: Queen's Gambit Declined: Exchange Variation.} 11. Nh4 Bb4 12. Rc1 Nd7 {[%cal Yb8d7,Yd7f8,Yf8e6][%mdl 32]} 13. a3 Bxc3+ 14. Rxc3 a4 15. Be2 Ke7 {[%cal Ye8e7,Ye7d6,Yd6d7][%mdl 32]} ({RR} 15... Nb6 16. f3 Ke7 17. Kf2 Nc8 18. Re1 Nd6 19. Kg3 Kd7 20. Kf4 b5 21. e4 Nc4 22. Bxc4 dxc4 23. g3 Rad8 24. Ng2 Kc7 25. Rd1 Rd7 26. Ne3 Rhd8 27. d5 cxd5 28. Rxd5 Kc6 29. Rc1 Rxd5 30. Nxd5 {Simacek,P (2372)-Lohia,S (2405) Prague CZE 2026 1-0 (61)}) 16. g3 $146 (16. f3 Nb6 17. Kf2 Nc8 18. g3 Nd6 19. Ng2 h5 20. Nf4 Bf5 21. h3 Kd7 22. Re1 b5 23. Bf1 Bg6 24. h4 Bf5 25. Rc5 Nb7 26. Rc3 Nd6 27. Rec1 Nc4 28. e4 Be6 29. Nd3 Ke7 30. Nb4 Rac8 {Oparin,G (2681)-Bacrot,E (2662) chess.com INT 2023 ½-½ (57)}) ({RR} 16. f3 Nb6 17. Kf2 Nc8 18. g3 Nd6 19. Ng2 h5 20. Nf4 Bf5 21. h3 Kd7 22. Re1 b5 23. Bf1 Bg6 24. h4 Bf5 25. Rc5 Nb7 26. Rc3 Nd6 27. Rec1 Nc4 28. e4 Be6 29. Nd3 Ke7 30. Nb4 Rac8 {Oparin,G (2681)-Bacrot,E (2662) chess.com INT 2023 ½-½ (57)}) 16... Kd6 17. Kd2 Nf8 18. Rf1 Ne6 19. Bd3 Ra5 20. Nf5+ Kd7 21. Nh4 Kd6 22. Bc2 Nc7 23. Bd3 {Weighted Error Value: White=0.10 (very precise) /Black=0.08 (flawless) Inaccurate: 	White=3 	--- OK: 	White=5 	Black=4 Precisão Stockfish 17: Brancas 99% Pretas 99% Precisão Chess.com: Brancas 97.7% Pretas 97.6%} 1/2-1/2

[Event "FIDE Grand Swiss"]
[Site "Samarkand"]
[Date "2025.09.14"]
[Round "10"]
[White "Fedoseev, Vladimir1"]
[Black "Xiong, Jeffery"]
[Result "1-0"]
[WhiteElo "2731"]
[BlackElo "2650"]
[PlyCount "81"]
[EventDate "2025.09.04"]
[EventType "swiss"]
[EventRounds "11"]
[EventCountry "UZB"]
[SourceTitle "Mega2025 Update 46"]
[Source "Chessbase"]
[SourceDate "2025.09.19"]
[SourceVersion "1"]
[SourceVersionDate "2025.09.19"]
[SourceQuality "1"]

1. d4 d5 2. c4 e6 3. Nc3 Nf6 4. cxd5 exd5 5. Bg5 Be7 6. e3 O-O 7. Bd3 h6 {Recently 7...Re8 got a lot of attention. 7...Te8 erhält neuerdings viel Aufmerksamkeit.} 8. Bf4 c5 9. Nf3 Nc6 10. O-O cxd4 11. Nxd4 Nxd4 12. exd4 Bd6 13. Be5 Ng4 14. Qe2 $1 $146 {[%mdl 8] A top novelty. Eine Top Neuerung.} (14. Bg3 Bxg3 15. hxg3 Qg5 16. Be2 Re8 17. Qc1 Nf6 18. Qxg5 hxg5 19. Bd3 Bd7 20. f3 {½-½ Bluebaum,M (2660)-Kravtsiv,M (2598) Titled Tuesday intern op 20th May Late blitz 2025 (9)}) 14... Bxe5 $146 ({RR} 14... Re8 15. f4 f6 16. Qf3 fxe5 17. fxe5 Be6 18. exd6 Qxd6 19. Qf4 Qxf4 20. Rxf4 Nf6 21. Re1 Bf7 {½-½ (21) Kozak,A (2565)-Nielsen,P (2617) St. Pauli GER 2026}) 15. dxe5 Re8 16. f4 Qb6+ 17. Kh1 Ne3 18. Na4 Qd4 19. Rf3 Qxa4 20. Qxe3 Qb4 21. f5 Qb6 22. Qf4 Qc7 23. Re1 f6 24. Rfe3 Bd7 25. Qd4 fxe5 26. Qxd5+ Kh8 27. f6 Bc6 28. Qc4 Rad8 29. Rg3 Rd7 30. Qh4 Re6 31. Rf1 Rxd3 32. Rxd3 Bxg2+ 33. Kxg2 Qc2+ 34. Qf2 Qxd3 35. fxg7+ Kh7 36. g8=B+ Kxg8 37. Qf7+ Kh8 38. Qxe6 Qe2+ 39. Rf2 Qe4+ 40. Rf3 Qe2+ 41. Kg3 1-0

[Event "EU-chT 25th"]
[Site "Batumi"]
[Date "2025.10.06"]
[Round "2.2"]
[White "Mamedyarov, Shakhriyar"]
[Black "Nguyen, Thai Dai Van"]
[Result "1-0"]
[WhiteElo "2742"]
[BlackElo "2664"]
[PlyCount "67"]
[EventDate "2025.10.05"]
[EventType "team-swiss"]
[EventRounds "9"]
[EventCountry "RUS"]
[SourceTitle "Mega2025 Update 50"]
[Source "Chessbase"]
[SourceDate "2025.10.20"]
[SourceVersion "1"]
[SourceVersionDate "2025.10.20"]
[SourceQuality "1"]
[WhiteTeam "Azerbaijan"]
[BlackTeam "Czech Republic"]
[WhiteTeamCountry "AZE"]
[BlackTeamCountry "CZE"]

1. c4 e6 2. Nc3 d5 3. d4 Nf6 4. cxd5 Nxd5 5. e4 Nxc3 6. bxc3 c5 7. Rb1 Be7 8. Nf3 O-O 9. Bc4 {9.Bc4 was played by the boomers. 9.Lc4 wurden von den Boomern gerne gespielt.} Qc7 {9...Nc6 is not played anymore. 9...Sc6 wird inzwischen seltener gespielt.} 10. Qe2 a6 11. O-O b5 12. Bd3 Nc6 $146 (12... Nd7 13. Rd1 h6 14. a4 bxa4 15. g3 cxd4 16. cxd4 a5 17. Bf4 Qa7 18. Rdc1 Bb4 {1-0 Mamedyarov,S (2764)-Dominguez Perez,L (2763) Saint Louis Rapid 2019 (1)}) ({RR} 12... Nd7 13. a4 bxa4 14. d5 exd5 15. exd5 Nf6 16. c4 Bg4 17. h3 Bh5 18. Ra1 Bd6 19. Rxa4 Rfe8 20. Qd1 Bh2+ 21. Kh1 Bf4 22. g4 Bg6 23. Bxg6 hxg6 24. Kg2 Bxc1 25. Qxc1 Ne4 {½-½ (25) Dziuba,M (2582)-Miton,K (2589) Germany 2021}) ({RR} 12... Bb7 13. a4 bxa4 14. Bf4 Qc8 15. d5 exd5 16. exd5 Bf6 17. Bg5 Re8 18. Qc2 Bxg5 19. Bxh7+ Kf8 20. Bf5 Qc7 21. Nxg5 Bxd5 22. Qxa4 Qe5 23. Qh4 Qxf5 24. Qh8+ Ke7 25. Rfe1+ Be6 26. Qxg7 Kd6 27. Nxe6 {Carlsen,M (2832)-So,W (2815) Chess.com INT 2017 1-0}) ({RR} 12... Nd7 13. Rd1 Bb7 14. a4 bxa4 15. d5 c4 16. Bxc4 Nc5 17. Nd4 exd5 18. exd5 Rfe8 19. Qg4 Bc8 20. Qf3 Bd6 21. h4 Ne4 22. Qd3 Bd7 23. Be3 Qd8 24. g3 Rc8 25. Ne6 Qe7 26. Qxe4 fxe6 27. Bg5 {Polak,A (1859)-ALSEMAIL,M (1962) Silves POR 2026 0-1 (32)}) ({RR} 12... Nd7 13. Rd1 h6 14. a4 bxa4 15. g3 cxd4 16. cxd4 a5 17. Bf4 Qa7 18. Rdc1 Bb4 19. Rc7 Qb6 20. Rbc1 Ba3 21. Rb1 Bb4 22. Rbc1 Ba3 23. R1c6 Qb2 24. Rc2 Qb1+ 25. Kg2 Qb6 26. e5 f5 27. R2c6 {Mamedyarov,S (2764)-Dominguez Perez,L (2763) Saint Louis 2019 1-0 (35)}) 13. d5 Ne5 14. Nxe5 Qxe5 15. f4 Qxc3 16. Bb2 Qa5 17. d6 Bxd6 18. e5 c4 19. Bxh7+ Kxh7 20. exd6 Qb6+ 21. Kh1 f6 22. Rbd1 Bd7 23. Rf3 Kg8 24. Rh3 e5 25. Rh4 Rae8 26. Qh5 Qf2 27. Qh7+ Kf7 28. Qh5+ g6 29. Qh7+ Ke6 30. Qxg6 Rg8 31. Qe4 Qxb2 32. f5+ Kf7 33. Rh7+ Kf8 34. Rxd7 1-0

[Event "EU-chT 25th"]
[Site "Batumi"]
[Date "2025.10.05"]
[Round "1.11"]
[White "Maurizzi, Marc Andria"]
[Black "Dardha, Daniel"]
[Result "1/2-1/2"]
[WhiteElo "2624"]
[BlackElo "2605"]
[PlyCount "48"]
[EventDate "2025.10.05"]
[EventType "team-swiss"]
[EventRounds "9"]
[EventCountry "RUS"]
[SourceTitle "Mega2025 Update 50"]
[Source "Chessbase"]
[SourceDate "2025.10.20"]
[SourceVersion "1"]
[SourceVersionDate "2025.10.20"]
[SourceQuality "1"]
[WhiteTeam "France"]
[BlackTeam "Belgium"]
[WhiteTeamCountry "FRA"]
[BlackTeamCountry "BEL"]

1. d4 Nf6 2. c4 e6 3. Nc3 d5 4. cxd5 Nxd5 5. e4 Nxc3 6. bxc3 c5 7. Rb1 Be7 8. Nf3 O-O 9. h4 $1 {[%mdl 4] is now more promising than 9.Bc4. im Vergleich zu 9.Lc4 vielversprechender.} b6 10. h5 h6 11. Rh3 Kh8 12. Rg3 Nd7 13. Bd3 cxd4 14. cxd4 e5 15. Qd2 $146 (15. Bb2 exd4 16. Bxd4 Bf6 17. e5 Re8 18. Be2 Bh4 19. Rg4 Be7 20. Rf4 Nc5 21. Bb5 {½-½ Petkov,M (2512)-Ghimpu,S (2465) Jupiter FISCA 2023 (1)}) ({RR} 15. d5 Bd6 16. Be3 f5 17. Rg6 Nf6 18. Nh4 f4 19. Bc1 Bc5 20. Qf3 Nh7 21. Rg4 Ng5 22. Ng6+ Kh7 23. Nxf8+ Qxf8 24. Qd1 Bxg4 25. Qxg4 Bd4 26. Bd2 Rc8 27. Ke2 Rc7 28. g3 fxg3 29. Qxg3 Rf7 {Bok,B (2589)-Csonka,B (2458) chess.com INT 2026 1-0 (49)}) 15... Bf6 $146 ({RR} 15... Rg8 16. Bc4 Bb7 17. Bxf7 Bxe4 18. Bxg8 Qxg8 19. Rb3 Rc8 20. Nxe5 Nxe5 21. dxe5 Rc2 22. Qf4 Qc4 23. Bd2 Rxa2 24. Rbc3 Ra1+ 25. Rc1 Rxc1+ 26. Bxc1 Bb4+ 27. Bd2 Qc1+ 28. Ke2 Qc4+ 29. Ke1 Qc1+ 30. Ke2 {Dardha,D (2598)-Gholami Orimi,M (2513) Berlin GER 2025 1-0 (31)}) 16. d5 Nc5 17. Kf1 Bh4 18. Rxg7 Kxg7 19. Qxh6+ Kg8 20. Bg5 f6 21. Qg6+ Kh8 22. Qh6+ Kg8 23. Qg6+ Kh8 24. Qh6+ Kg8 1/2-1/2

[Event "Sao Paulo GCT Finals"]
[Site "Sao Paulo"]
[Date "2025.10.01"]
[Round "2.1"]
[White "Caruana, Fabiano"]
[Black "Vachier Lagrave, Maxime"]
[Result "1/2-1/2"]
[WhiteElo "2789"]
[BlackElo "2738"]
[PlyCount "178"]
[EventDate "2025.09.28"]
[EventType "k.o."]
[EventRounds "2"]
[EventCountry "BRA"]
[SourceTitle "Mega2025 Update 49"]
[Source "Chessbase"]
[SourceDate "2025.10.11"]
[SourceVersion "1"]
[SourceVersionDate "2025.10.11"]
[SourceQuality "1"]

1. d4 d5 2. c4 e6 3. Nc3 Nf6 4. cxd5 exd5 5. Bg5 Be7 6. e3 h6 {Nowadays more popular than 6...0-0. Heutzutage beliebter als 6...0-0.} 7. Bh4 Bg4 8. Qc2 O-O 9. h3 Be6 10. Nf3 Ne8 11. Bg3 Bd6 12. Ne5 Nc6 13. Nxc6 bxc6 14. Bd3 $146 (14. Bxd6 cxd6 15. Bd3 c5 16. O-O Nf6 17. Rfd1 Qa5 18. Qa4 Qb6 19. Qa3 Rfc8 20. dxc5 dxc5 {½-½ Wojtaszek,R (2668)-Erdos,V (2557) EU-chT 24th Budva 2023 (6.1)}) 14... Bxg3 15. fxg3 Qg5 16. Qf2 Nd6 17. O-O Rae8 18. Rac1 $146 ({RR} 18. Rae1 g6 19. Ne2 Bf5 20. Nf4 Bxd3 21. Nxd3 Ne4 22. Qf4 Nxg3 23. Qxg5 hxg5 24. Rf6 Nf5 25. Rxc6 Rxe3 26. Rxe3 Nxe3 27. Rxc7 Nf5 28. Rxa7 Rc8 29. a4 Rc2 30. a5 Rd2 31. Ne5 Rxb2 32. a6 Ra2 {Sarana,A (2668)-Kuru,A (2500) Aktobe KAZ 2026 ½-½ (74)}) 18... Bd7 19. Nd1 Re6 20. Qe1 Rfe8 21. Rf3 R6e7 22. Qf2 h5 23. b4 g6 24. Rf4 Re6 25. b5 cxb5 26. Rxc7 Qd8 27. Rxa7 R8e7 28. Rf6 Kg7 29. Rxe6 Bxe6 30. Rxe7 Qxe7 31. Qb2 Bf5 32. Bxb5 Nxb5 33. Qxb5 Bc2 34. Qe2 Bxd1 35. Qxd1 Qxe3+ 36. Kh2 f5 37. a4 f4 38. gxf4 Qxf4+ 39. Kh1 g5 40. a5 g4 41. a6 gxh3 42. gxh3 Qe4+ 43. Kh2 Qf4+ 44. Kg2 Qe4+ 45. Qf3 Qxd4 46. Qf2 Qa4 47. a7 h4 48. Qe3 Kf6 49. Qc3+ Kg6 50. Qc5 Qe4+ 51. Kf2 d4 52. Qc1 Kh7 53. Qc7+ Kh6 54. Qd6+ Kh7 55. Qc7+ Kh6 56. Qb6+ Kg7 57. Qa5 Qe3+ 58. Kf1 Qxh3+ 59. Ke1 Qe3+ 60. Kd1 Qf3+ 61. Kc1 Qa8 62. Qc7+ Kh6 63. Qb8 Qc6+ 64. Kb1 Qe4+ 65. Kb2 Qe2+ 66. Ka3 Qd3+ 67. Kb4 Qc3+ 68. Kb5 Qb3+ 69. Kc5 Qc2+ 70. Kd5 Qg2+ 71. Ke5 Qg5+ 72. Ke4 Qg2+ 73. Ke5 Qg5+ 74. Kd6 Qg6+ 75. Kc7 Qf7+ 76. Kc6 Qf3+ 77. Kb5 Qb3+ 78. Kc5 Qc2+ 79. Kxd4 Qd2+ 80. Ke4 Qc2+ 81. Kf3 Qd1+ 82. Kf4 Qd4+ 83. Kf5 Qd3+ 84. Ke6 Qg6+ 85. Ke7 Qg7+ 86. Ke8 Qg8+ 87. Ke7 Qg7+ 88. Ke8 Qg8+ 89. Ke7 Qg7+ 1/2-1/2

[Event "Belgrade m"]
[Site "Belgrade"]
[Date "2025.09.30"]
[Round "2"]
[White "Grebnev, Aleksey"]
[Black "Maurizzi, Marc Andria"]
[Result "1-0"]
[WhiteElo "2611"]
[BlackElo "2610"]
[PlyCount "93"]
[EventDate "2025.09.30"]
[EventType "match"]
[EventRounds "2"]
[EventCountry "SRB"]
[SourceTitle "Mega2025 Update 49"]
[Source "Chessbase"]
[SourceDate "2025.10.11"]
[SourceVersion "1"]
[SourceVersionDate "2025.10.11"]
[SourceQuality "1"]

{[%evp 0,60,18,7,25,-9,-10,-10,-10,-7,-8,-1,0,0,22,22,22,20,15,26,63,33,13,-5,38,-7,-10,-17,-12,-15,-13,-7,5,4,15,13,32,18,26,30,36,14,20,20,13,4,7,1,13,9,39,15,51,32,35,33,41,24,38,35,57,38,57]} 1. d4 d5 2. c4 e6 3. Nc3 Nf6 4. cxd5 exd5 5. Bg5 c6 6. e3 Bd6 {6...h6 is setting a new trend. 6...h6 setzt einen neuen Trend.} 7. Bd3 O-O 8. Nf3 Re8 9. O-O Bg4 10. Qb3 Na6 11. Nd2 Bh5 ({RR} 11... Rb8 12. e4 dxe4 13. Ndxe4 Be7 14. Bf4 Ra8 15. Qxb7 Nb4 16. Nxf6+ gxf6 17. Be4 Qxd4 18. h3 Be6 19. Rad1 Qc4 20. a3 f5 21. axb4 fxe4 22. b5 cxb5 23. Nxb5 Qb3 24. Qa6 Bc4 25. Qh6 Qxb5 26. Rfe1 {Bluebaum,M (2694)-Szpar,M (2496) chess.com INT 2026 1-0 (42)}) 12. h3 Rb8 13. Rfe1 Nc7 14. Qc2 $146 (14. f4 b5 15. g4 c5 16. dxc5 Bxc5 17. Nf1 h6 18. Bxf6 Qxf6 19. Nxd5 Qh4 20. gxh5 Ne6 21. Kg2 Rbd8 22. Ng3 Bxe3 23. Rxe3 Rxd5 24. Qxd5 Nxf4+ 25. Kg1 {1-0 Urkedal,F (2562)-Stalmach,R (2444) Stockholm Hotel N GM 4th 2025 (6)}) ({RR} 14. f4 b5 15. g4 c5 16. dxc5 Bxc5 17. Nf1 h6 18. Bxf6 Qxf6 19. Nxd5 Qh4 20. gxh5 Ne6 21. Kg2 Rbd8 22. Ng3 Bxe3 23. Rxe3 Rxd5 24. Qxd5 Nxf4+ 25. Kg1 {1-0 (25) Urkedal,F (2562)-Stalmach,R (2444) Upplands Vasby SWE 2025}) 14... Bg6 15. Bh4 Ne6 16. Nf3 Bxd3 17. Qxd3 Be7 18. Rab1 a5 19. a3 Rc8 20. b4 axb4 21. axb4 b5 22. Bxf6 Bxf6 23. Ne2 Qd6 24. Qc3 Nf8 25. Nf4 Nd7 26. Ra1 Nb6 27. Nd3 Nc4 28. Ra7 g6 29. Nc5 Re7 30. Rea1 Kg7 31. R1a6 h5 32. Rxe7 Qxe7 33. Qc2 Rc7 34. Kh1 Ra7 35. Qa2 Rxa6 36. Qxa6 Qe8 37. Qb7 g5 38. Qc7 Be7 39. Nd7 g4 40. Nfe5 gxh3 41. Qxc6 f6 42. Nxf6 Qxc6 43. Nxh5+ Kh6 44. Nxc6 Bh4 45. Ng3 Nxe3 46. fxe3 Bxg3 47. gxh3 1-0

[Event "FIDE Grand Swiss"]
[Site "Samarkand"]
[Date "2025.09.08"]
[Round "5"]
[White "Niemann, Hans Moke"]
[Black "Demchenko, Anton"]
[Result "1/2-1/2"]
[WhiteElo "2736"]
[BlackElo "2620"]
[PlyCount "124"]
[EventDate "2025.09.04"]
[EventType "swiss"]
[EventRounds "11"]
[EventCountry "UZB"]
[SourceTitle "Mega2025 Update 46"]
[Source "Chessbase"]
[SourceDate "2025.09.19"]
[SourceVersion "1"]
[SourceVersionDate "2025.09.19"]
[SourceQuality "1"]

1. c4 e6 2. Nc3 d5 3. d4 Nf6 4. cxd5 exd5 5. Bg5 c6 6. e3 h6 {is cutting edge theory. ist die Avantgarde der Theorie.} 7. Bh4 Bf5 8. Qf3 Be6 9. Bxf6 Qxf6 10. Qxf6 gxf6 11. Bd3 Nd7 12. Nge2 h5 ({RR} 12... Nb6 13. Ng3 a5 14. Nh5 Be7 15. h3 a4 16. g4 a3 17. b3 Bb4 18. Rc1 Ke7 19. Ke2 Nc8 20. Kf3 Nd6 21. Ne2 f5 22. Neg3 fxg4+ 23. hxg4 Rag8 24. Rh4 Bd7 25. Nf4 Ba5 26. Rch1 Bc7 27. Nf5+ {Caruana,F (2792)-Nguyen Ngoc Truong Son (2600) chess.com INT 2026 0-1 (56)}) 13. h4 Bd6 14. f3 Nf8 $146 (14... Nb6 15. Kf2 Nc8 16. g3 Ne7 17. Nf4 Bf5 18. Nce2 O-O-O 19. Rag1 Rde8 20. g4 hxg4 21. fxg4 Bd7 {0-1 Nguyen,T (2517)-Fridman,D (2637) EU-ch 19th Batumi 2018 (6)}) ({RR} 14... f5 15. Kf2 Ke7 16. Rhe1 Nf8 17. Rac1 Ng6 18. g3 Kd7 19. Na4 b6 20. Rc2 Rab8 21. Rec1 Ne7 22. a3 Kd8 23. Nac3 Rh6 24. Rd2 a5 25. Bb1 Kd7 26. Nf4 Rbh8 27. Bd3 {½-½ (27) Santos Latasa,J (2616)-Demchenko,A (2619) Reykjavik ISL 2025}) 15. Kf2 Ng6 16. Ng3 Ne7 17. Nce2 Kd7 18. Nf4 Bxf4 19. exf4 f5 20. Rae1 b6 21. b4 Kd6 22. Re5 a5 23. b5 cxb5 24. Bxb5 Rac8 25. Rb1 Rc2+ 26. Re2 Rc3 27. Reb2 Ng6 28. Ne2 Ra3 29. g3 Rb8 30. Ba6 Ne7 31. Rxb6+ Rxb6 32. Rxb6+ Kc7 33. Rb2 Nc6 34. Bb5 Na7 35. Rc2+ Kd6 36. Be8 Ke7 37. Bxf7 Kxf7 38. Rc7+ Ke8 39. Rxa7 Bd7 40. Rc7 Bb5 41. Rc2 Bxe2 42. Rxe2+ Kf7 43. Re5 Rxa2+ 44. Kf1 Kf6 45. Rxd5 a4 46. Rd6+ Ke7 47. Ra6 a3 48. Kg1 Kf7 49. d5 Ke7 50. Kf1 Kd7 51. Kg1 Ke7 52. Ra7+ Kd6 53. Ra5 Kc7 54. g4 hxg4 55. fxg4 fxg4 56. h5 g3 57. h6 Kd6 58. f5 Rh2 59. Rxa3 Kxd5 60. Ra5+ Ke4 61. f6 Rxh6 62. f7 Rf6 1/2-1/2

[Event "FIDE Grand Swiss"]
[Site "Samarkand"]
[Date "2025.09.04"]
[Round "1"]
[White "Mendonca, Leon Luke"]
[Black "Esipenko, Andrey"]
[Result "1/2-1/2"]
[WhiteElo "2606"]
[BlackElo "2682"]
[PlyCount "61"]
[EventDate "2025.09.04"]
[EventType "swiss"]
[EventRounds "11"]
[EventCountry "UZB"]
[SourceTitle "Mega2025 Update 46"]
[Source "Chessbase"]
[SourceDate "2025.09.19"]
[SourceVersion "1"]
[SourceVersionDate "2025.09.19"]
[SourceQuality "1"]

1. d4 d5 2. c4 e6 3. Nc3 Be7 4. cxd5 exd5 5. Bf4 Nf6 6. e3 O-O {6...Bf5 is more fashionable. 6...Lf5 ist modischer.} 7. Bd3 c5 8. Nge2 Nc6 9. O-O Bg4 10. dxc5 Bxc5 11. h3 Bxe2 12. Nxe2 Qe7 ({RR} 12... Qb6 13. Ng3 g6 14. Rb1 Rad8 15. b4 Bd6 16. Bg5 Be7 17. b5 Ne5 18. Be2 d4 19. exd4 Rxd4 20. Qb3 Bc5 21. Rbd1 Rxd1 22. Qxd1 Re8 23. Qc1 Ned7 24. a4 Bd4 25. Qd2 Be5 26. a5 Qc5 27. Rc1 {Carlsen,M (2841)-Esipenko,A (2684) Bangkok THA 2026 1-0 (38)}) 13. Qb3 $146 (13. a3 Rad8 14. b4 Bd6 15. Bxd6 Qxd6 16. Qa4 d4 17. Rad1 g6 18. b5 Ne5 19. Nxd4 {1-0 Radjabov,T (2745)-Melkumyan,H (2650) Titled Tuesday intern op 28th Nov Late blitz 2023 (6)}) ({RR} 13. Bg5 h6 14. Bh4 Qe5 15. Rc1 Bb6 16. Qb3 Ne4 17. Rfd1 Nc5 18. Qb5 Nxd3 19. Qxd3 Qxb2 20. Rb1 Qxa2 21. Nf4 Qc4 22. Qxd5 Qxd5 23. Nxd5 Bd8 24. Bxd8 Nxd8 25. Nc7 Rb8 26. Rd7 Nc6 27. Nb5 a6 {Sivuk,V (2517)-Cederstam,C (2376) Upplands Vasby SWE 2026 ½-½ (38)}) 13... Rad8 14. Rad1 h6 15. Bb5 Bb6 16. Qa4 Ne5 17. Nc3 Bc5 18. Rd2 a6 19. Be2 Ng6 20. Rfd1 d4 21. exd4 Nxf4 22. dxc5 Nxe2+ 23. Rxe2 Qxc5 24. a3 Rxd1+ 25. Qxd1 Qc7 26. Rd2 Re8 27. Nd5 Nxd5 28. Rxd5 Qb6 29. Qd2 Qf6 30. Rd6 Re6 31. Rxe6 1/2-1/2

[Event "USA-ch G2"]
[Site "Chandler"]
[Date "1997.08.23"]
[Round "1"]
[White "Seirawan, Yasser"]
[Black "Kaidanov, Gregory S"]
[Result "1/2-1/2"]
[WhiteElo "2630"]
[BlackElo "2600"]
[Annotator "Donev,Ivo Hristov"]
[PlyCount "41"]
[EventDate "1997.08.23"]
[EventType "tourn"]
[EventRounds "7"]
[EventCountry "USA"]
[EventCategory "13"]
[SourceTitle "CBM 061"]
[Source "ChessBase"]
[SourceDate "1997.11.23"]
[SourceVersion "1"]
[SourceVersionDate "1997.11.23"]
[SourceQuality "1"]

1. d4 d5 2. c4 e6 3. Nc3 c6 4. cxd5 exd5 5. Qc2 {Die Idee diese frühere Damenzug ist Vermeidung der Entwicklung des c8 - f5.} Na6 {[%cal Ya6b4]} 6. Bf4 Nf6 7. a3 Bd6 (7... Nc7 $5) ({RR} 7... Nc7 8. e3 Ne6 9. Be5 Bd6 10. Nf3 O-O 11. Bd3 g6 12. b4 a5 13. Rb1 axb4 14. axb4 Bxe5 15. Nxe5 Qd6 16. O-O Ng7 17. Na4 Bf5 18. Bxf5 Nxf5 19. Nc5 Qc7 20. b5 cxb5 21. Rfc1 Rfc8 22. Qb2 {Petursson,M (2530)-Portisch,L (2610) Reggio Emilia 1989 1-0 (52)}) ({RR} 7... g6 8. e3 Bf5 9. Qd2 Nc7 10. h3 Bd6 11. Bxd6 Qxd6 12. Nge2 h5 13. Ng3 Bd7 14. Bd3 h4 15. Nge2 O-O-O 16. f3 Nh5 17. O-O-O Ne6 18. Kb1 f5 19. Rhe1 Kb8 20. Bc2 Bc8 21. Ka1 Rhf8 22. Bb3 {Kazhgaleyev,M (2594)-Kostenko,P (2440) Almaty 2017 1-0 (50)}) 8. Bxd6 Qxd6 9. e4 $146 {[%cal Yf1a6,Ye4e5]} ({RR} 9. e3 Nc7 10. Nf3 O-O 11. Be2 Bg4 12. h3 Bxf3 13. Bxf3 Ne6 14. O-O-O b5 15. e4 Nd7 16. exd5 cxd5 17. Nxb5 Qb6 18. Nc3 Nxd4 19. Nxd5 Qh6+ 20. Qd2 Nb3+ 21. Kc2 Nxd2 22. Rxd2 Rad8 23. Rhd1 Kh8 {Myers,R (1840)-Chipanga,T (2146) Hinckley Island 2008 0-1}) 9... dxe4 10. Bxa6 bxa6 11. Nxe4 Qe6 (11... Nxe4 $5 12. Qxe4+ Qe6 13. Qxe6+ (13. f3 Rb8 14. O-O-O O-O {[%cal Re6a2]} 15. Qxe6 Bxe6 16. Ne2 $11 {[%cal Ye2c3]}) 13... Bxe6 $11) 12. f3 O-O 13. Ne2 Nxe4 14. fxe4 Re8 15. e5 (15. Nc3 f5 $1 16. O-O fxe4 17. Rae1 e3 18. Rf3 Qc4 $11) (15. Ng3 h5 16. h4 Qg4 17. Qf2 Rb8 $132) 15... f6 16. Nf4 (16. O-O fxe5 17. Rac1 Bd7 $15) 16... Qf5 17. Qxc6 {[%cal Yc6e8,Yc6a8]} Bb7 18. Qc4+ $1 (18. Qxb7 Qxf4 {[%csl Re1][%cal Yf4c1,Yf4f1,Ye8e5,Yf6e5,Ya8b8,Yb8b2] Schwarz hat sehr starke Initiative gegen allein stehende im Zentrum König.}) 18... Kh8 19. O-O fxe5 20. dxe5 Qxe5 21. Qc3 1/2-1/2